History and culture of the Maram Nagas: a reconstruction from oral and folklore (Record no. 8213)
[ view plain ]
| 000 -LEADER | |
|---|---|
| fixed length control field | 00465nam a2200157Ia 4500 |
| 020 ## - INTERNATIONAL STANDARD BOOK NUMBER | |
| ISBN | 9788183703451 |
| 082 ## - DEWEY DECIMAL CLASSIFICATION NUMBER | |
| Classification number | 305.80095417 |
| Item number | TIV-H |
| 100 ## - MAIN ENTRY--AUTHOR NAME | |
| Personal name | Tiba, Th. Robert |
| 245 #0 - TITLE STATEMENT | |
| Title | History and culture of the Maram Nagas: a reconstruction from oral and folklore |
| 260 ## - PUBLICATION, DISTRIBUTION, ETC. (IMPRINT) | |
| Place of publication | New Delhi |
| Name of publisher | Akansha Publishing |
| Year of publication | 2013 |
| 300 ## - PHYSICAL DESCRIPTION | |
| Number of Pages | xviii, 250 |
| 650 ## - SUBJECT ADDED ENTRY--TOPICAL TERM | |
| Topical Term | NAGA (SOUTH ASIAN PEOPLE) |
| 650 ## - SUBJECT ADDED ENTRY--TOPICAL TERM | |
| Topical Term | MARAM (INDIC PEOPLE) |
| 650 ## - SUBJECT ADDED ENTRY--TOPICAL TERM | |
| Topical Term | TRIBEs AND TRIBALS |
| 942 ## - ADDED ENTRY ELEMENTS (KOHA) | |
| Koha item type | Books |
| Source of classification or shelving scheme | Dewey Decimal Classification |
| Withdrawn status | Lost status | Damaged status | Not for loan | Home library | Current library | Date acquired | Source of acquisition | Bill Date | Full call number | Accession Number | Price effective from | Koha item type |
|---|---|---|---|---|---|---|---|---|---|---|---|---|
| NASSDOC Library | NASSDOC Library | 24/03/2014 | MBA | 2014-03-12 | 305.80095417 TIV-H | 48329 | 18/04/2019 | Books |
